| 000 | 00334nam a2200133Ia 4500 | ||
|---|---|---|---|
| 008 | 191201s1994 xx 000 0 und d | ||
| 082 |
_a677 _bDEH |
||
| 100 | _aDEULKER, Durga | ||
| 245 | 0 | _aHousehold Textiles and Laundry Work | |
| 260 |
_aN.Delhi _bAtma Raw and Sons _c1994 |
||
| 300 | _a223 | ||
| 650 | _aB.Tech(TE) | ||
| 942 |
_2ddc _cBK |
||
| 999 |
_c2351 _d2351 |
||